[Event "Zhukovsky Winter op"]
[Site "Zhukovsky"]
[Date "2014.??.??"]
[Round "3"]
[White "Dolgova, Tamara"]
[Black "Avetisyan, Aleksey"]
[Result "1/2-1/2"]
[WhiteElo "1841"]
[BlackElo "1997"]
[PlyCount "111"]
[EventDate "2014.11.22"]
[EventType "swiss"]
[EventRounds "9"]
[EventCountry "RUS"]
[SourceTitle "EXT 2016"]
[Source "ChessBase"]
[SourceDate "2015.10.08"]
[SourceVersion "1"]
[SourceVersionDate "2015.10.08"]
[SourceQuality "1"]

1. e4 c6 2. d4 d5 3. exd5 cxd5 4. c4 Nf6 5. Nc3 Nc6 6. Nf3 Be6 7. cxd5 Nxd5 8. Bd3 g6 9. 0-0 Bg7 10. Be3 0-0 11. Rc1 Qa5 12. Nxd5 Bxd5 13. a3 Qb6 14. Ne5 Nxe5 15. dxe5 Qxb2 16. Bxg6 hxg6 17. Qxd5 Rfd8 18. Qf3 Bxe5 19. Rb1 Qxa3 20. Rxb7 Bf6 21. Qe4 a5 22. Bb6 Rdb8 23. Bc7 Rxb7 24. Qxb7 Rf8 25. Qd5 a4 26. Be5 Qb3 27. Qxb3 axb3 28. Bxf6 exf6 29. Rb1 Rb8 30. Kf1 f5 31. Ke2 Kg7 32. Kd3 Kf6 33. Kc3 Rh8 34. h3 f4 35. Rxb3 f3 36. gxf3 Rxh3 37. Kd2 Rh5 38. Ke3 Kg5 39. f4+ Kg4 40. f3+ Kg3 41. Rb1 Rh2 42. Rg1+ Rg2 43. Rh1 Rb2 44. Rg1+ Kh2 45. Rg4 Rb3+ 46. Kf2 Kh3 47. Rg3+ Kh4 48. Rg1 Rb2+ 49. Ke3 Kh3 50. Ke4 Re2+ 51. Kd3 Re7 52. Rg5 Kh4 53. Kd2 Re6 54. Kd3 Re8 55. Rg1 Kh3 56. Rg5 1/2-1/2

[Event "Zhukovsky op 04"]
[Site "Zhukovsky"]
[Date "2014.??.??"]
[Round "2"]
[White "Dolgova, Tamara"]
[Black "Leschenko, Wjatcheslaw"]
[Result "1-0"]
[WhiteElo "1841"]
[BlackElo "1648"]
[PlyCount "109"]
[EventDate "2014.04.??"]
[EventType "swiss"]
[EventRounds "9"]
[EventCountry "RUS"]
[SourceTitle "EXT 2016"]
[Source "ChessBase"]
[SourceDate "2015.10.08"]
[SourceVersion "1"]
[SourceVersionDate "2015.10.08"]
[SourceQuality "1"]

1. e4 c6 2. d4 d6 3. Nc3 h6 4. Be2 Nd7 5. f4 g6 6. Nf3 Bg7 7. 0-0 Nb6 8. a4 a5 9. e5 Bg4 10. Be3 d5 11. Nd2 Bxe2 12. Qxe2 e6 13. g4 Ne7 14. Qg2 h5 15. f5 exf5 16. gxf5 Nxf5 17. Rxf5 gxf5 18. Qxg7 Kd7 19. Qxf7+ Kc8 20. Qxf5+ Kb8 21. Bg5 Rg8 22. h4 Ka7 23. Kh2 Qc7 24. Rf1 Nd7 25. Qe6 Rae8 26. Qd6 Qc8 27. Rf7 Nf8 28. Nf3 Ne6 29. Qd7 Nxg5 30. Nxg5 Qb8 31. Qxc6 Rc8 32. Qxd5 Ka8 33. Qxa5+ Qa7 34. Qb4 Qa6 35. Qb3 Rxc3 36. Qxc3 Qe2+ 37. Kh1 Qd1+ 38. Kg2 Qg4+ 39. Qg3 Qxd4 40. c3 Qxa4 41. Qf3 Qc2+ 42. Qf2 Qe4+ 43. Qf3 Qc2+ 44. Kh3 Qxb2 45. Rf8+ Rxf8 46. Qxf8+ Ka7 47. Qc5+ Ka6 48. Ne6 b6 49. Qc4+ Ka7 50. Qc7+ Ka6 51. Nd4 Qf2 52. Qc4+ Kb7 53. Qc6+ Ka7 54. Nb5+ Ka6 55. Nc7+ 1-0

[Event "Zhukovsky op"]
[Site "Zhukovsky"]
[Date "2014.??.??"]
[Round "6"]
[White "Dolgova, Tamara"]
[Black "Novik, Eduard"]
[Result "0-1"]
[WhiteElo "1841"]
[BlackElo "1698"]
[PlyCount "56"]
[EventDate "2014.08.08"]
[EventType "swiss"]
[EventRounds "9"]
[EventCountry "RUS"]
[SourceTitle "CBM 162 Extra"]
[Source "ChessBase"]
[SourceDate "2014.10.17"]
[SourceVersion "1"]
[SourceVersionDate "2014.10.17"]
[SourceQuality "1"]

1. e4 e6 2. d4 d5 3. Bd3 dxe4 4. Bxe4 Nf6 5. Bd3 Nc6 6. Nf3 Ne7 7. 0-0 Ng6 8. Nc3 Be7 9. h4 c6 10. Bg5 Nd5 11. Nxd5 cxd5 12. Bb5+ Bd7 13. Bxd7+ Qxd7 14. h5 Nf8 15. Be3 Qc7 16. Qd2 Nd7 17. Bf4 Bd6 18. Bxd6 Qxd6 19. Qg5 g6 20. h6 Qe7 21. Qf4 0-0 22. Rfe1 Qf6 23. Qg3 Qe7 24. Re3 Nf6 25. Ng5 Qd7 26. Qf3 Qe7 27. Rae1 Ne8 28. Qg3 Qf6 0-1

[Event "Zhukovsky op"]
[Site "Zhukovsky"]
[Date "2014.??.??"]
[Round "5"]
[White "Kuznetsov, Yuriy"]
[Black "Dolgova, Tamara"]
[Result "1/2-1/2"]
[WhiteElo "1806"]
[BlackElo "1841"]
[PlyCount "63"]
[EventDate "2014.08.08"]
[EventType "swiss"]
[EventRounds "9"]
[EventCountry "RUS"]
[SourceTitle "CBM 162 Extra"]
[Source "ChessBase"]
[SourceDate "2014.10.17"]
[SourceVersion "1"]
[SourceVersionDate "2014.10.17"]
[SourceQuality "1"]

1. Nf3 d5 2. g3 c5 3. Bg2 Nf6 4. 0-0 e6 5. d3 Be7 6. Re1 0-0 7. Nbd2 Nc6 8. b3 e5 9. Bb2 Bd6 10. e4 d4 11. Nh4 Ne7 12. a4 Be6 13. Bc1 Qd7 14. Qe2 Ng6 15. Nxg6 fxg6 16. f4 Bg4 17. Qf1 Rae8 18. Nc4 Nh5 19. Nxd6 Qxd6 20. h3 Be6 21. Qf3 exf4 22. g4 Ng3 23. e5 Qd7 24. Bxf4 g5 25. Qxg3 gxf4 26. Qf3 b6 27. Rf1 Rd8 28. Qc6 Qxc6 29. Bxc6 g5 30. Rf2 h6 31. Bf3 Kg7 32. Re1 1/2-1/2

[Event "Zhukovsky Winter op"]
[Site "Zhukovsky"]
[Date "2014.??.??"]
[Round "1"]
[White "Leschenko, Wjatcheslaw"]
[Black "Dolgova, Tamara"]
[Result "1/2-1/2"]
[WhiteElo "1648"]
[BlackElo "1841"]
[PlyCount "86"]
[EventDate "2014.11.22"]
[EventType "swiss"]
[EventRounds "9"]
[EventCountry "RUS"]
[SourceTitle "EXT 2016"]
[Source "ChessBase"]
[SourceDate "2015.10.08"]
[SourceVersion "1"]
[SourceVersionDate "2015.10.08"]
[SourceQuality "1"]

1. d4 d5 2. Nf3 e6 3. c4 c5 4. cxd5 exd5 5. dxc5 Bxc5 6. g3 Qb6 7. e3 Nf6 8. Nc3 0-0 9. a3 Bd7 10. b4 Be7 11. Bb2 a6 12. Bg2 Bc6 13. 0-0 a5 14. b5 Bxb5 15. Nxb5 Qxb5 16. Bxf6 Bxf6 17. Rb1 Qc5 18. Qb3 Nd7 19. Rfc1 Qd6 20. Qb5 b6 21. Rd1 Ne5 22. Rxd5 Nxf3+ 23. Bxf3 Qe6 24. a4 Rab8 25. Rd7 Rfd8 26. Rbd1 Rxd7 27. Rxd7 Rd8 28. Rxd8+ Bxd8 29. Bd5 Qe7 30. e4 Kf8 31. f4 Qc7 32. Kg2 Be7 33. Qb3 Bc5 34. e5 Qd7 35. e6 fxe6 36. Bxe6 Qd2+ 37. Kh3 Bg1 38. Qc4 Qxh2+ 39. Kg4 h5+ 40. Kf5 g6+ 41. Kxg6 Qxg3+ 42. Kxh5 Qf3+ 43. Bg4 Qb7 1/2-1/2

[Event "Zhukovsky op 04"]
[Site "Zhukovsky"]
[Date "2014.??.??"]
[Round "8"]
[White "Rybakov, Sergey"]
[Black "Dolgova, Tamara"]
[Result "1-0"]
[WhiteElo "2006"]
[BlackElo "1841"]
[PlyCount "71"]
[EventDate "2014.04.??"]
[EventType "swiss"]
[EventRounds "9"]
[EventCountry "RUS"]
[SourceTitle "EXT 2016"]
[Source "ChessBase"]
[SourceDate "2015.10.08"]
[SourceVersion "1"]
[SourceVersionDate "2015.10.08"]
[SourceQuality "1"]

1. f4 e5 2. e4 Nf6 3. fxe5 Nxe4 4. Nf3 d5 5. d3 Nc5 6. d4 Ne4 7. Bd3 c5 8. 0-0 Be7 9. c3 Nc6 10. Qe2 cxd4 11. cxd4 Bg4 12. Be3 Bh5 13. Nc3 Bg6 14. Nxd5 Qxd5 15. Bc4 Qd8 16. d5 0-0 17. dxc6 bxc6 18. e6 Qa5 19. Nd4 fxe6 20. Nxc6 Qc7 21. Bxe6+ Kh8 22. Nxe7 Qxe7 23. Bc4 Rfe8 24. Bd4 Qb4 25. a3 Qd2 26. Qe3 Red8 27. Rad1 Qxe3+ 28. Bxe3 Rxd1 29. Rxd1 Nf6 30. b4 Bc2 31. Rc1 Be4 32. Ba6 h6 33. Rc8+ Rxc8 34. Bxc8 a5 35. bxa5 Ne8 36. Bf4 1-0

[Event "Zhukovsky op"]
[Site "Zhukovsky"]
[Date "2014.??.??"]
[Round "7"]
[White "Shavernev, Artem"]
[Black "Dolgova, Tamara"]
[Result "0-1"]
[WhiteElo "1350"]
[BlackElo "1841"]
[PlyCount "66"]
[EventDate "2014.08.08"]
[EventType "swiss"]
[EventRounds "9"]
[EventCountry "RUS"]
[SourceTitle "CBM 162 Extra"]
[Source "ChessBase"]
[SourceDate "2014.10.17"]
[SourceVersion "1"]
[SourceVersionDate "2014.10.17"]
[SourceQuality "1"]

1. e4 e5 2. Nf3 Nc6 3. Bb5 a6 4. Bxc6 dxc6 5. 0-0 Bg4 6. h3 Bxf3 7. Qxf3 Qf6 8. Qxf6 Nxf6 9. Nc3 Bb4 10. Re1 0-0 11. a3 Bd6 12. d3 Nd7 13. Be3 Bc5 14. Bxc5 Nxc5 15. Rad1 Ne6 16. Ne2 Rad8 17. Rd2 Rd7 18. Red1 Rfd8 19. f3 c5 20. Ng3 c4 21. Nf5 cxd3 22. Rxd3 Rxd3 23. cxd3 g6 24. Ne3 Nc5 25. Nd5 c6 26. Nf6+ Kg7 27. Ng4 Rxd3 28. Rxd3 Nxd3 29. b4 f6 30. Kf1 c5 31. bxc5 Nxc5 32. Ne3 Kf7 33. Ke2 Ke6 0-1

[Event "Voronezh op-B 15th"]
[Site "Voronezh"]
[Date "2011.06.20"]
[Round "9"]
[White "Pershin, Denis"]
[Black "Dolgova, Tamara"]
[Result "1-0"]
[WhiteElo "1974"]
[BlackElo "1936"]
[PlyCount "99"]
[EventDate "2011.06.12"]
[EventType "swiss"]
[EventRounds "9"]
[EventCountry "RUS"]
[SourceTitle "CBM 143 Extra"]
[Source "ChessBase"]
[SourceDate "2011.08.29"]
[SourceVersion "1"]
[SourceVersionDate "2011.08.29"]
[SourceQuality "1"]

1. e4 e5 2. Nf3 Nc6 3. Bb5 a6 4. Ba4 Nf6 5. 0-0 Be7 6. Re1 b5 7. Bb3 0-0 8. c3 d5 9. exd5 Nxd5 10. Nxe5 Nxe5 11. Rxe5 c6 12. Re1 Bd6 13. g3 Nf6 14. d4 Bg4 15. Qd3 Re8 16. Be3 c5 17. Bd1 cxd4 18. Qxd4 Bc5 19. Qxc5 Bxd1 20. Nd2 Bc2 21. Bg5 h6 22. Rxe8+ Qxe8 23. Bxf6 gxf6 24. Qe3 Qxe3 25. fxe3 Rd8 26. Nf3 Be4 27. Nd4 Kg7 28. Kf2 h5 29. Rd1 Kg6 30. Ke1 Re8 31. Rd2 h4 32. Kf2 Rh8 33. Nb3 hxg3+ 34. Kxg3 Bb1 35. a3 Re8 36. Kf4 Re4+ 37. Kf3 Rh4 38. Nc5 a5 39. Kg3 Rh5 40. Nd3 Rg5+ 41. Kf2 Kf5 42. Nf4 Be4 43. Rd7 Rg7 44. Rc7 Kg4 45. Rc5 Rg5 46. h3+ Kh4 47. Rc8 Rg7 48. Rb8 b4 49. axb4 a4 50. b5 1-0

[Event "Voronezh op-B 15th"]
[Site "Voronezh"]
[Date "2011.06.13"]
[Round "2"]
[White "Dolgova, Tamara"]
[Black "Savenko, Ivan"]
[Result "1-0"]
[WhiteElo "1936"]
[BlackElo "1677"]
[PlyCount "45"]
[EventDate "2011.06.12"]
[EventType "swiss"]
[EventRounds "9"]
[EventCountry "RUS"]
[SourceTitle "CBM 143 Extra"]
[Source "ChessBase"]
[SourceDate "2011.08.29"]
[SourceVersion "1"]
[SourceVersionDate "2011.08.29"]
[SourceQuality "1"]

1. e4 c6 2. d4 d5 3. Nd2 dxe4 4. Nxe4 Nd7 5. Ng5 Ngf6 6. Bc4 e6 7. Qe2 Nb6 8. Bd3 Qxd4 9. N1f3 Bb4+ 10. c3 Bxc3+ 11. Kf1 Qb4 12. bxc3 Qxc3 13. Bb2 Qa5 14. Ne5 0-0 15. Qc2 g6 16. h4 Nfd7 17. Ng4 e5 18. h5 f6 19. Nxh7 Kxh7 20. hxg6+ Kg8 21. Rh7 Rd8 22. Nh6+ Kf8 23. g7+ 1-0

[Event "Voronezh op-B 15th"]
[Site "Voronezh"]
[Date "2011.06.12"]
[Round "1"]
[White "Lopukhin, Anatoly Viktorovich"]
[Black "Dolgova, Tamara"]
[Result "1-0"]
[WhiteElo "2254"]
[BlackElo "1936"]
[PlyCount "59"]
[EventDate "2011.06.12"]
[EventType "swiss"]
[EventRounds "9"]
[EventCountry "RUS"]
[SourceTitle "CBM 143 Extra"]
[Source "ChessBase"]
[SourceDate "2011.08.29"]
[SourceVersion "1"]
[SourceVersionDate "2011.08.29"]
[SourceQuality "1"]

1. c4 d5 2. cxd5 Qxd5 3. Nc3 Qd8 4. d4 e6 5. e4 Ne7 6. Nf3 g6 7. h4 c5 8. Bg5 Bg7 9. dxc5 Qxd1+ 10. Rxd1 h6 11. Nb5 Na6 12. Nd6+ Kf8 13. Nc4 Nc6 14. Bf4 Bf6 15. Bd6+ Be7 16. Nfe5 Nxc5 17. Nxc6 Bxd6 18. Nxd6 bxc6 19. Rh3 Ba6 20. Rc3 Bxf1 21. Kxf1 Na4 22. Rxc6 Kg7 23. Rc7 Rhf8 24. b3 Nb6 25. Rd3 Nc8 26. e5 Nb6 27. Rf3 Nd5 28. Rfxf7+ Rxf7 29. Rxf7+ Kg8 30. Rb7 1-0

[Event "Zhukovsky-A 02"]
[Site "Zhukovsky"]
[Date "2011.02.09"]
[Round "4"]
[White "Dolgova, Tamara"]
[Black "Guseynov, Vafadar"]
[Result "1-0"]
[WhiteElo "1961"]
[BlackElo "1885"]
[PlyCount "63"]
[EventDate "2011.02.09"]
[EventType "swiss"]
[EventRounds "9"]
[EventCountry "RUS"]
[SourceTitle "EXT 2022"]
[Source "ChessBase"]
[SourceDate "2021.10.06"]
[SourceVersion "1"]
[SourceVersionDate "2021.10.06"]
[SourceQuality "1"]

1. e4 c5 2. d4 cxd4 3. c3 dxc3 4. Nxc3 d6 5. Bc4 Nf6 6. Nf3 Nc6 7. 0-0 a6 8. a3 e6 9. Bf4 Be7 10. Qe2 0-0 11. Rfd1 Qc7 12. Rac1 Rd8 13. Ba2 b5 14. Nd5 Qb7 15. Nxe7+ Nxe7 16. e5 Nfd5 17. Bg3 Nf5 18. exd6 Nxg3 19. hxg3 Bd7 20. Ng5 h6 21. Bxd5 exd5 22. Rc7 Qb6 23. Nxf7 Kxf7 24. Qe7+ Kg8 25. Rxd7 Rxd7 26. Qxd7 Qa7 27. Qc6 Rf8 28. Qxd5+ Qf7 29. Qd2 Qd7 30. b4 Rf6 31. Qd5+ Re6 32. Re1 1-0

[Event "Zhukovsky op"]
[Site "Zhukovsky"]
[Date "2010.??.??"]
[Round "8"]
[White "Kopylov, Ivan"]
[Black "Dolgova, Tamara"]
[Result "1-0"]
[WhiteElo "1756"]
[BlackElo "1959"]
[PlyCount "61"]
[EventDate "2010.05.14"]
[EventType "swiss"]
[EventRounds "9"]
[EventCountry "RUS"]
[SourceTitle "EXT 2011"]
[Source "ChessBase"]
[SourceDate "2010.11.26"]
[SourceVersion "1"]
[SourceVersionDate "2010.11.26"]
[SourceQuality "1"]

1. d4 d5 2. c4 e6 3. Nf3 c5 4. cxd5 exd5 5. e3 Nc6 6. Be2 Nf6 7. 0-0 Be7 8. dxc5 Bxc5 9. Nbd2 0-0 10. Nb3 Bd6 11. Bd2 Bg4 12. h3 Bh5 13. Rc1 Qe7 14. Nbd4 Nxd4 15. Nxd4 Bxe2 16. Qxe2 Qe5 17. g3 Ne4 18. Bc3 Rac8 19. Nb5 Nxc3 20. Nxc3 d4 21. exd4 Qxd4 22. Rcd1 Qe5 23. Qf3 Rc6 24. Rfe1 Qa5 25. Re4 Qb6 26. Qe2 Qa6 27. Qh5 Bb8 28. Nd5 Re6 29. Ne7+ Kh8 30. Qxf7 Rf6 31. Ng6+ 1-0

[Event "Zhukovsky Rating-A 08"]
[Site "Zhukovsky"]
[Date "2009.08.14"]
[Round "3"]
[White "Dolgova, Tamara"]
[Black "Shebchenko, Vladimir"]
[Result "1-0"]
[WhiteElo "1957"]
[BlackElo "1977"]
[PlyCount "25"]
[EventDate "2009.08.14"]
[EventType "swiss"]
[EventRounds "7"]
[EventCountry "RUS"]
[SourceTitle "EXT 2022"]
[Source "ChessBase"]
[SourceDate "2021.10.06"]
[SourceVersion "1"]
[SourceVersionDate "2021.10.06"]
[SourceQuality "1"]

1. e4 c5 2. d4 cxd4 3. c3 dxc3 4. Nxc3 Nc6 5. Nf3 e6 6. Bc4 a6 7. 0-0 Nge7 8. Bg5 Qa5 9. Bb3 Ng6 10. Qe2 Bd6 11. Rad1 Bc7 12. Nd5 0-0 13. Bd2 1-0

[Event "Zhukovsky op-A 05"]
[Site "Zhukovsky"]
[Date "2009.05.??"]
[Round "7"]
[White "Dolgova, Tamara"]
[Black "Mozgalov, Viktor"]
[Result "0-1"]
[WhiteElo "1957"]
[BlackElo "1907"]
[PlyCount "68"]
[EventDate "2009.05.??"]
[EventType "swiss"]
[EventRounds "9"]
[EventCountry "RUS"]
[SourceTitle "EXT 2012"]
[Source "ChessBase"]
[SourceDate "2011.11.24"]
[SourceVersion "1"]
[SourceVersionDate "2011.11.24"]
[SourceQuality "1"]

1. e4 c5 2. d4 cxd4 3. c3 dxc3 4. Nxc3 d6 5. Bc4 e6 6. Nf3 Nc6 7. 0-0 Be7 8. Qe2 a6 9. Rd1 b5 10. Bb3 Ra7 11. Bf4 Rd7 12. a3 Nf6 13. Rac1 Bb7 14. Ng5 0-0 15. Nxe6 fxe6 16. Bxe6+ Kh8 17. Bxd7 Nxd7 18. Bxd6 Rf7 19. Bg3 Qe8 20. e5 Nc5 21. Qg4 Bf8 22. b4 Ne6 23. Ne4 Ned4 24. Nc5 Bc8 25. e6 Nxe6 26. Nxe6 Bxe6 27. Qe4 Bd7 28. Qd5 h6 29. h3 a5 30. bxa5 Bxa3 31. Re1 Ne7 32. Qd1 Bxc1 33. Qxc1 Qc8 34. Qa3 Nf5 0-1

[Event "Zhukovsky op-A 05"]
[Site "Zhukovsky"]
[Date "2009.05.??"]
[Round "1"]
[White "Dolgova, Tamara"]
[Black "Zhukovsky, Viacheslav"]
[Result "1-0"]
[WhiteElo "1957"]
[BlackElo "2151"]
[PlyCount "63"]
[EventDate "2009.05.??"]
[EventType "swiss"]
[EventRounds "9"]
[EventCountry "RUS"]
[SourceTitle "EXT 2012"]
[Source "ChessBase"]
[SourceDate "2011.11.24"]
[SourceVersion "1"]
[SourceVersionDate "2011.11.24"]
[SourceQuality "1"]

1. e4 e5 2. Nf3 Nc6 3. Nc3 d6 4. h3 a6 5. a4 Be7 6. Bc4 Nf6 7. d4 exd4 8. Nxd4 Ne5 9. Ba2 h6 10. f4 Ned7 11. 0-0 c6 12. Nf5 Nc5 13. Nxg7+ Kf8 14. e5 Nfe4 15. Nxe4 Nxe4 16. Nh5 Qb6+ 17. Kh2 d5 18. f5 Qc7 19. Bf4 Bg5 20. Qd4 Rg8 21. g4 Bxf4+ 22. Nxf4 b5 23. Nxd5 cxd5 24. Bxd5 Qxc2+ 25. Kg1 Ng5 26. Bxa8 Nxh3+ 27. Kh1 Qc7 28. Rac1 Qb8 29. Qd6+ Qxd6 30. Rxc8+ Kg7 31. Rxg8+ Kxg8 32. exd6 1-0